Холодильная техника (Запись № 6861886)

Подробности
000 -МАРКЕР
контрольное поле 02329nam0a22003851 4500
001 - ИДЕНТИФИКАТОР ЗАПИСИ
контрольное поле rc\2283862
005 - ИДЕНТИФИКАТОР ВЕРСИИ
контрольное поле 20260405232712.0
010 ## - МЕЖДУНАРОДНЫЙ СТАНДАРТНЫЙ НОМЕР КНИГИ (ISBN)
Уточнения В пер.
Цена 86 к.
Тираж 20000
021 ## - НОМЕР ГОСУДАРСТВЕННОЙ РЕГИСТРАЦИИ
Код страны Российская Федерация
Номер 76-77463
035 ## - ДРУГИЕ СИСТЕМНЫЕ НОМЕРА
Идентификатор записи (NLR Aleph) 006562813
100 ## - ДАННЫЕ ОБЩЕЙ ОБРАБОТКИ
Данные общей обработки 20110829d1976 |||y0rusy50 ca
101 0# - ЯЗЫК РЕСУРСА
Язык текста, звукозаписи и т.д. русский
102 ## - СТРАНА ПУБЛИКАЦИИ ИЛИ ПРОИЗВОДСТВА
Страна публикации Российская Федерация
105 ## - ПОЛЕ КОДИРОВАННЫХ ДАННЫХ: ТЕКСТОВЫЕ МАТЕРИАЛЫ, МОНОГРАФИЧЕСКИЕ
Кодированные данные о монографическом текстовом документе y g |||||
200 1# - ЗАГЛАВИЕ И СВЕДЕНИЯ ОБ ОТВЕТСТВЕННОСТИ
Основное заглавие Холодильная техника
Сведения, относящиеся к заглавию свойства веществ
-- справочник
Первые сведения об ответственности С.Н. Богданов, О.П. Иванов, А.В. Куприянова
205 ## - СВЕДЕНИЯ ОБ ИЗДАНИИ
Сведения об издании 2-е изд., перераб. и доп.
210 ## - ПУБЛИКАЦИЯ, РАСПРОСТРАНЕНИЕ И ДР.
Место издания, распространения и т.д. Ленинград
Имя издателя, распространителя и т. д. Машиностроение. Ленинградское отделение
Дата издания, распространения и т.д. 1976
215 ## - ФИЗИЧЕСКАЯ ХАРАКТЕРИСТИКА
Специфическое обозначение материала и объем 166 с., 2 отд. л. граф.
Размеры 22
300 ## - ОБЩИЕ ПРИМЕЧАНИЯ
Текст примечания Загл. 1-го изд.: Свойства рабочих веществ, теплоносителей и материалов, используемых в холодильной технике
320 ## - ПРИМЕЧАНИЯ О НАЛИЧИИ В ДОКУМЕНТЕ БИБЛИОГРАФИИ / УКАЗАТЕЛЯ
Текст примечания Список лит.: с. 165-166 (41 назв.)
451 #0 - ДРУГОЕ ИЗДАНИЕ [КАТАЛОГИЗИРУЕМОГО ДОКУМЕНТА] НА АНАЛОГИЧНОМ НОСИТЕЛЕ
Встроенное поле 2001#$aСвойства рабочих веществ, теплоносителей и материалов, используемых в холодильной технике
-- 210##$d1972
Заглавие Свойства рабочих веществ, теплоносителей и материалов, используемых в холодильной технике
606 1# - НАИМЕНОВАНИЕ ТЕМЫ КАК ПРЕДМЕТ
Наименование темы Холодильные агенты
Формальный подзаголовок Справочники
Тематический подзаголовок Теплофизические свойства
Системный номер авторитетной/нормативной записи 1909626
Идентификатор авторитетной/нормативной записи RU\NLR\AUTH\661159467
686 ## - ИНДЕКСЫ ДРУГИХ КЛАССИФИКАЦИЙ
Индекс з392-032я22
Код системы
700 #1 - ИМЯ ЛИЦА - ПЕРВИЧНАЯ ОТВЕТСТВЕННОСТЬ
Материалы, к которым относится поле rus
Графика поля Кириллица
Начальный элемент ввода Богданов
Часть имени, кроме начального элемента ввода С. Н.
Дополнения к именам, кроме дат канд. техн. наук, теплотехника
Даты 1926-
Расширение инициалов личного имени Сергей Николаевич
Идентификатор авторитетной/нормативной записи RU\NLR\AUTH\77106494
Системный номер авторитетной/нормативной записи 89419
701 #1 - ИМЯ ЛИЦА - АЛЬТЕРНАТИВНАЯ ОТВЕТСТВЕННОСТЬ
Материалы, к которым относится поле rus
Графика поля Кириллица
Начальный элемент ввода Куприянова
Часть имени, кроме начального элемента ввода А. В.
Дополнения к именам, кроме дат канд. техн. наук, термодинамика
Расширение инициалов личного имени Алла Васильевна
Идентификатор авторитетной/нормативной записи RU\NLR\AUTH\7761455
Системный номер авторитетной/нормативной записи 44385
701 #1 - ИМЯ ЛИЦА - АЛЬТЕРНАТИВНАЯ ОТВЕТСТВЕННОСТЬ
Материалы, к которым относится поле rus
Графика поля Кириллица
Начальный элемент ввода Иванов
Часть имени, кроме начального элемента ввода О. П.
Дополнения к именам, кроме дат д-р техн. наук
Расширение инициалов личного имени Олег Петрович
Идентификатор авторитетной/нормативной записи RU\NLR\AUTH\7772570
Системный номер авторитетной/нормативной записи 55498
801 #0 - ИСТОЧНИК ЗАПИСИ
Страна Российская Федерация
Организация NLR
Правила каталогизации psbo
801 #1 - ИСТОЧНИК ЗАПИСИ
Страна Российская Федерация
Организация ELAR
Источник данных rusmarc
801 #2 - ИСТОЧНИК ЗАПИСИ
Страна Российская Федерация
Организация NLR
Дата составления 20150114
Источник данных rusmarc
852 ## - МЕСТОНАХОЖДЕНИЕ И ШИФР ХРАНЕНИЯ
Идентификатор организации NLR
Шифр хранения (Call Number) 77-5/1219
899 ## - ДАННЫЕ О МЕСТОНАХОЖДЕНИИ (устаревшее)
Местонахождение RuMoRGB
Шифр хранения Б 76-51/1361
899 ## - ДАННЫЕ О МЕСТОНАХОЖДЕНИИ (устаревшее)
Местонахождение RuMoRGB
Шифр хранения Б 76-51/1362
942 ## - ДОПОЛНИТЕЛЬНЫЕ ЭЛЕМЕНТЫ ЗАПИСИ (АБИС)
Тип экземпляра АБИС Книга
980 ## - КОЛЛЕКЦИЯ
Название коллекции Национальная библиография
Экземпляры
Тип экземпляра Дата поступления Библиотека постоянного хранения Библиотека текущего хранения Место хранения Шифр хранения Штрих-код Статус экземпляра
Книга 26.10.2013 РНБ (Московский) РНБ (Московский) Русский книжный фонд: издания с 1957 года 77-5/1219 6562813-20